| 000 | 01063cam a22003495i 4500 | ||
|---|---|---|---|
| 999 |
_c200429025 _d46949 |
||
| 001 | 200429025 | ||
| 003 | TR-AnTOB | ||
| 005 | 20241230104323.0 | ||
| 007 | ta | ||
| 008 | 150429s20151997tu 000 0 tur d | ||
| 010 | _a2015377896 | ||
| 020 | _a978912349417 | ||
| 040 |
_aDLC _beng _erda _cDLC _dTR-AnTOB |
||
| 041 | 0 | _atur | |
| 050 | _aPL248 | ||
| 090 |
_aPL248.K265 _bV37 2015 |
||
| 100 | 1 |
_aKarakoç, Sezai, _d1933-2021 _eauthor _949121 |
|
| 245 | 1 | 0 |
_aVarolma savaşı 1 / _cSezai Karakoç. |
| 250 |
_a5. baskı. _bAralık 2015 |
||
| 264 | 1 |
_aİstanbul : _bDiriliş Yayınları, _c2015. |
|
| 300 |
_a62 pages ; _c20 cm |
||
| 336 |
_atext _btxt _2rdacontent |
||
| 337 |
_aunmediated _bn _2rdamedia |
||
| 338 |
_avolume _bnc _2rdacarrier |
||
| 490 | 0 |
_aDiriliş Yayınları ; _v48 |
|
| 650 | 0 |
_aTurkish essays _918593 |
|
| 650 | 0 |
_aTürk denemeleri _97069 |
|
| 651 | 0 |
_aTurkey _xPolitics and government _y1960-1980 _923069 |
|
| 651 | 0 |
_aTürkiye _xSiyaset ve yönetim _y1960-1980 _9119068 |
|
| 942 |
_2lcc _cBK |
||